000 00377nam a2200109Ia 4500
008 190722s9999 xx 000 0 und d
020 _a978-0-07-068188-0
100 _aKenneth H. Rosen/ Kamala Krithivasan
245 0 _aDiscrete Mathematics & Its Applications (with Combinatorics and Graph Theory)
260 _aNew Delhi
_bMcGraw Hill Education (India) Pvt. Ltd.
_c2015
942 _cBK
999 _c587
_d587